01826cam a2200289 4500999001500000001000800015003000600023005001700029008004100046010001700087040001800104050002400122082002800146100003500174245010100209260004800310300001900358350000900377505075500386600003501141650003401176650004301210906004501253942001201298952011301310952011301423 c5797d57971306321GBCCL20241126110550.0700414s1970 miu 000 0aeng  a 77102834  aDLCcDLCdDLC00aBX8764.Z8bP62 197000a272.2092a289.9aBbPOP1 aPopoff, Haralan,d1907-91050110aTortured for his faith;ban epic of Christian courage and heroism in our day,cby Haralan Popov. aGrand Rapids,bZondervan Pub. Housec[1970] a156 p.c18 cm. a0.75 aHaralan Popov was a successful minister in Bulgaria when he was arrested and sentenced to 15 years imprisonment as an American spy, at a widely publicized trial in Sofia. Enduring torture and brainwashing in communist prisons and labor camps, Haralan Popov remained faithful to God. After his release, Dr. Haralan Popov founded Door of Hope International in 1972.Tortured For His Faith Has been published in more than twenty three languages. Has been No. 1 on the best-seller list (pocket books) for many years. More than one million copies sold. Has exposed the militant nature of atheistic communism for more than 30 years. Has inspired readers, strengthened their faith in God, and motivated them to a greater compassion for the Persecuted Church.10aPopoff, Haralan,d1907-910501 0aPersecutionzBulgaria.910502 0aPrisonerszBulgariaxBiography.910503 a7bcbccorignewduencipf19gy-gencatlg 2ddccBK 00102ddc4070aGBCbGBCcCHd2018-04-09l0o272.2092 POPp006994r2025-05-01 00:00:00tc.1w2018-04-09yBK 00102ddc4070aGBCbGBCcCHd2018-05-04l0o272.2092 POPp006995r2025-05-01 00:00:00tc.2w2018-05-04yBK